Filosofi - Statistics

General Stats
  • This quiz has been taken 2 times
  • The average score is 7 of 10
Answer Stats
Question Answer % Correct
Mitä on antirealismi? Ei ole arvoja, joten arvoja koskevat väitteet eivät voi olla tosia tai epätosia
100%
Mitä on hedonismi? Hedonismilla tarkoitetaan oppia, jonka mukaan ihmisen käyttäytymistä ohjaavat mielihyvän tavoittelu ja mielipahan välttäminen
100%
Mitä on ihmisoikeudet? kaikille ihmisille yhtäläisesti kuuluvia perustavanlaatuisia vapauksia ja oikeuksia.
100%
Mitä on moraalinen hyvä kykyä tehdä ero hyvän ja pahan välillä.
100%
Mitä on Hyve-etiikka? normatiivisen etiikan laji, jonka mukaan moraalissa tärkeintä ovat toimivan henkilön hyveet ja paheet sekä luonne
100%
Mitä on aktiivinen eutanasia Toinen henkilö aiheuttaa toisen henkilön kuoleman tämän pyynnöstä
100%
Mitä on realismi käsitys, jonka mukaan on olemassa tietoisuudesta riippumaton todellisuus
50%
Mitä on sopimusetiikka? yhteisössä vallitsevia oikeuksia, jotka ajatellaan tulevan vahvistetuksi kuvitteellisella, yleensä sanattomalla sopimuksella
50%
Mitä on positiivinen vapaus? On vapaus johonkin
0%
Mitä on negatiivinen vapaus? On vapaus jostakin
0%
No matching quizzes found
Score Distribution
Percent of People with Each Score
Percentile by Number Answered
Your Score History
You have not taken this quiz